Concepts and techniques of geographic information systems / (Record no. 531410)
[ view plain ]
| 000 -LEADER | |
|---|---|
| fixed length control field | 01375cam a22002534a 4500 |
| 001 - CONTROL NUMBER | |
| control field | 14406758 |
| 005 - DATE AND TIME OF LATEST TRANSACTION | |
| control field | 20191015180125.0 |
| 008 - FIXED-LENGTH DATA ELEMENTS--GENERAL INFORMATION | |
| fixed length control field | 060609s2007 njua b 001 0 eng |
| 010 ## - LIBRARY OF CONGRESS CONTROL NUMBER | |
| LC control number | 2006019006 |
| 020 ## - INTERNATIONAL STANDARD BOOK NUMBER | |
| International Standard Book Number | 013149502X (alk. paper) |
| 040 ## - CATALOGING SOURCE | |
| Original cataloging agency | DLC |
| Transcribing agency | DLC |
| Modifying agency | DLC |
| 082 00 - DEWEY DECIMAL CLASSIFICATION NUMBER | |
| Classification number | 910.285 |
| Author Mark | ALB |
| 100 1# - MAIN ENTRY--PERSONAL NAME | |
| Personal name | Lo, C. P. |
| Fuller form of name | (Chor Pang), |
| Dates associated with a name | 1939- |
| 9 (RLIN) | 24091 |
| 245 10 - TITLE STATEMENT | |
| Title | Concepts and techniques of geographic information systems / |
| Statement of responsibility, etc. | C.P. Lo and Albert W.K. Yeung. |
| 250 ## - EDITION STATEMENT | |
| Edition statement | 2nd ed. |
| 260 ## - PUBLICATION, DISTRIBUTION, ETC. | |
| Place of publication, distribution, etc. | Upper Saddle River, NJ : |
| Name of publisher, distributor, etc. | Pearson Prentice Hall, |
| Date of publication, distribution, etc. | c2007. |
| 300 ## - PHYSICAL DESCRIPTION | |
| Extent | xii, 532 p. : |
| Other physical details | ill. (some col.) ; |
| Dimensions | 28 cm. |
| 504 ## - BIBLIOGRAPHY, ETC. NOTE | |
| Bibliography, etc. note | Includes bibliographical references and index. |
| 505 0# - FORMATTED CONTENTS NOTE | |
| Formatted contents note | Introduction to geographic information systems (GIS) -- Maps and geospatial data -- Digital representation and organization of geospatial data -- Geospatial data quality and standards -- Raster geoprocessing -- vector geoprocessing -- Geovisualization and geospatial information products -- Remote sensing and GIS integration -- Digital terrain modeling -- Spatial data analysis, modeling, and mining -- GIS implementation and project management -- GIS issues and prospects. |
| 650 #0 - SUBJECT ADDED ENTRY--TOPICAL TERM | |
| Topical term or geographic name entry element | Geographic information systems. |
| 9 (RLIN) | 6117 |
| 700 1# - ADDED ENTRY--PERSONAL NAME | |
| Personal name | Yeung, Albert K. W. |
| 9 (RLIN) | 24092 |
| 856 41 - ELECTRONIC LOCATION AND ACCESS | |
| Materials specified | Table of contents only |
| Uniform Resource Identifier | <a href="http://www.loc.gov/catdir/toc/ecip0615/2006019006.html">http://www.loc.gov/catdir/toc/ecip0615/2006019006.html</a> |
| 942 ## - ADDED ENTRY ELEMENTS (KOHA) | |
| Source of classification or shelving scheme | |
| Koha item type | Book |
| Withdrawn status | Lost status | Source of classification or shelving scheme | Damaged status | Not for loan | Permanent Location | Current Location | Date acquired | Total Checkouts | Full call number | Barcode | Checked out | Date last seen | Date last checked out | Price effective from | Koha item type |
|---|---|---|---|---|---|---|---|---|---|---|---|---|---|---|---|
| School of Civil and Environmental Engineering (SCEE) | School of Civil and Environmental Engineering (SCEE) | 10/15/2019 | 1 | 910.285 ALB | NIT-11884 | 10/30/2019 | 10/15/2019 | 10/15/2019 | 10/15/2019 | Book |
